[Event "ch-ISL 2012"]
[Site "Kopavogur ISL"]
[Date "2012.04.21"]
[Round "9"]
[Board "3"]
[White "Kjartansson, Gudmundur"]
[Black "Jensson, Einar Hjalti"]
[Result "1-0"]
[WhiteTitle "IM"]
[WhiteElo "2357"]
[BlackElo "2245"]
[WhiteFideId "2301318"]
[BlackFideId "2301067"]
[EventDate "2012.04.13"]

1. c4 c5 2. g3 Nc6 3. Bg2 g6 4. Nf3 Bg7 5. O-O e5 6. Nc3 Nge7 7. a3 O-O 8. b4
cxb4 9. axb4 Nxb4 10. Ba3 Nbc6 11. Rb1 d6 12. Ne4 Bf5 13. d3 Bxe4 14. dxe4 b6
15. Qd3 Nc8 16. e3 Qc7 17. h4 Na5 18. Rfc1 Nb7 19. Kh2 Nc5 20. Qc2 h5 21. Ng1
Ne7 22. Ne2 Rae8 23. Nc3 f5 24. Nb5 Qd7 25. Rd1 Rf6 26. Rd2 Kh7 27. Rbd1 Nc8 28.
exf5 gxf5 29. Bxc5 bxc5 30. e4 Bh6 31. Rd3 a6 32. Nc3 f4 33. Nd5 Rff8 34. Bh3
Qf7 35. Bf5+ Kh8 36. Rb1 Rg8 37. Qe2 Bf8 38. Rb8 fxg3+ 39. fxg3 Bh6 40. Rdb3 Ne7
41. R8b7 a5 42. Nxe7 Rxe7 43. Rxe7 Qxe7 44. Qxh5 Qg7 45. g4 a4 46. Rb7 1-0

[Event "ch-ISL 2012"]
[Site "Kopavogur ISL"]
[Date "2012.04.21"]
[Round "9"]
[Board "4"]
[White "Arngrimsson, Dagur"]
[Black "Danielsen, Henrik"]
[Result "1-0"]
[WhiteTitle "IM"]
[BlackTitle "GM"]
[WhiteElo "2361"]
[BlackElo "2504"]
[WhiteFideId "2301288"]
[BlackFideId "1400185"]
[EventDate "2012.04.13"]

1. d4 d6 2. Nf3 g6 3. g3 Bg7 4. Bg2 f5 5. O-O c6 6. c4 Nh6 7. Nc3 O-O 8. Re1 Nf7
9. e4 e5 10. exf5 Bxf5 11. d5 Na6 12. Ne4 Bxe4 13. Rxe4 Nc5 14. Re2 e4 15. Nd2
cxd5 16. cxd5 e3 17. Rxe3 Bd4 18. Re2 Ne5 19. Nb3 Nxb3 20. Qxb3 Rxf2 21. Rxf2
Ng4 22. Bh3 Qf8 23. Bf4 Bxf2+ 24. Kg2 h5 25. Bxg4 hxg4 26. Qc2 Bd4 27. Qxg6+ Qg7
28. Qe6+ Kh8 29. Bxd6 Qg5 30. Bf4 Qh5 31. h4 Re8 32. Qh6+ Qxh6 33. Bxh6 Re2+ 34.
Kh1 Be5 35. Rd1 Bxg3 36. Bg5 Be5 37. d6 g3 38. d7 1-0

[Event "ch-ISL 2012"]
[Site "Kopavogur ISL"]
[Date "2012.04.21"]
[Round "9"]
[Board "5"]
[White "Stefansson, Hannes"]
[Black "Gislason, Gudmundur"]
[Result "1-0"]
[WhiteTitle "GM"]
[WhiteElo "2531"]
[BlackElo "2346"]
[WhiteFideId "2300087"]
[BlackFideId "2300559"]
[EventDate "2012.04.13"]

1. e4 g6 2. d4 Bg7 3. Nc3 d6 4. f4 a6 5. Nf3 b5 6. Bd3 Nd7 7. e5 c5 8. Ng5 cxd4
9. e6 Nh6 10. exf7+ Nxf7 11. Ne6 Nc5 12. Nxd8 dxc3 13. Nxf7 Kxf7 14. b3 Nxd3+
15. Qxd3 Bf5 16. Qd5+ Be6 17. Qf3 h5 18. Be3 b4 19. O-O Rab8 20. a3 a5 21. axb4
axb4 22. Ra7 Bf6 23. Qf2 Rb5 24. Bd4 1-0

[Event "ch-ISL 2012"]
[Site "Kopavogur ISL"]
[Date "2012.04.21"]
[Round "9"]
[Board "6"]
[White "Thorfinnsson, Bragi"]
[Black "Kristjansson, Stefan"]
[Result "1-0"]
[WhiteTitle "IM"]
[BlackTitle "GM"]
[WhiteElo "2421"]
[BlackElo "2500"]
[WhiteFideId "2300958"]
[BlackFideId "2301172"]
[EventDate "2012.04.13"]

1. d4 Nf6 2. c4 e6 3. Nf3 c5 4. d5 d6 5. Nc3 exd5 6. cxd5 g6 7. Bf4 a6 8. a4 Qe7
9. h3 Bg7 10. Nd2 Nh5 11. Bh2 Nd7 12. g4 Bxc3 13. bxc3 Nhf6 14. Nc4 O-O 15. Bg2
Ne8 16. O-O f5 17. gxf5 Rxf5 18. Qd2 Ndf6 19. Nb6 Rb8 20. e4 Rh5 21. Nxc8 Rxc8
22. Rae1 Qd7 23. a5 c4 24. f4 Rxh3 25. Bxh3 Qxh3 26. f5 Rc7 27. Qg2 Qxc3 28. e5
Qd4+ 29. Kh1 dxe5 30. fxg6 hxg6 31. Rxe5 Rg7 32. d6 c3 33. Ree1 g5 34. Qa2+ Kh8
35. Rxe8+ Nxe8 36. Rf8+ Kh7 37. Qc2+ Rg6 38. Rxe8 Qc4 39. Qe2 Qd5+ 40. Kg1 Qd4+
41. Kg2 Qd5+ 42. Qf3 Qxf3+ 43. Kxf3 g4+ 44. Kg2 c2 45. Rc8 1-0

[Event "ch-ISL 2012"]
[Site "Kopavogur ISL"]
[Date "2012.04.22"]
[Round "10"]
[Board "1"]
[White "Thorfinnsson, Bjorn"]
[Black "Kristjansson, Stefan"]
[Result "1/2-1/2"]
[WhiteTitle "IM"]
[BlackTitle "GM"]
[WhiteElo "2416"]
[BlackElo "2500"]
[WhiteFideId "2300982"]
[BlackFideId "2301172"]
[EventDate "2012.04.13"]

1. Nf3 Nf6 2. c4 g6 3. g3 Bg7 4. Bg2 O-O 5. O-O d5 6. cxd5 Nxd5 7. Nc3 Nb6 8. d3
Nc6 9. Be3 h6 10. Rc1 e5 11. a3 Nd4 12. Ne4 1/2-1/2

[Event "ch-ISL 2012"]
[Site "Kopavogur ISL"]
[Date "2012.04.22"]
[Round "10"]
[Board "2"]
[White "Gislason, Gudmundur"]
[Black "Thorfinnsson, Bragi"]
[Result "1/2-1/2"]
[BlackTitle "IM"]
[WhiteElo "2346"]
[BlackElo "2421"]
[WhiteFideId "2300559"]
[BlackFideId "2300958"]
[EventDate "2012.04.13"]

1. Nf3 Nf6 2. g3 d5 3. Bg2 c6 4. O-O Bf5 5. c4 e6 6. b3 Be7 7. Bb2 O-O 8. d3 h6
9. Nbd2 a5 10. a3 Na6 11. Nd4 Bh7 12. cxd5 cxd5 13. N2f3 Qb6 14. a4 Rfc8 15. Ne5
Bc5 16. Nb5 Nc7 17. d4 Bb4 18. Nc3 Nce8 19. Rc1 Nd6 20. Na2 Rxc1 21. Nxc1 Rc8
22. Ncd3 Nfe4 23. Nxb4 Qxb4 24. Nd3 Qb6 25. Nc5 Nxc5 26. dxc5 Qxc5 27. Qa1 f6
28. Ba3 Qb6 29. Rc1 Rc6 30. Bxd6 Rxd6 31. Rc8+ Kf7 32. Qa3 Bf5 33. Rb8 Kg6 34.
h4 h5 35. Bf3 Be4 36. Rxb7 Qxb7 37. Qxd6 Bxf3 38. exf3 Qxb3 39. Kg2 Qxa4 40.
Qxe6 Qb5 41. g4 hxg4 42. fxg4 Kh7 43. Qf5+ g6 44. Qxf6 Qd7 45. Qg5 a4 46. h5
gxh5 47. Qxh5+ Kg7 48. Qe5+ Kf7 49. Qh5+ Kg7 50. Qe5+ Kf7 1/2-1/2

[Event "ch-ISL 2012"]
[Site "Kopavogur ISL"]
[Date "2012.04.22"]
[Round "10"]
[Board "4"]
[White "Jensson, Einar Hjalti"]
[Black "Arngrimsson, Dagur"]
[Result "1/2-1/2"]
[BlackTitle "IM"]
[WhiteElo "2245"]
[BlackElo "2361"]
[WhiteFideId "2301067"]
[BlackFideId "2301288"]
[EventDate "2012.04.13"]

1. d4 d5 2. c4 c6 3. Nf3 Nf6 4. Nc3 g6 5. Bf4 Bg7 6. cxd5 Nxd5 7. Be5 f6 8. Bg3
O-O 9. Qb3 Qb6 10. Nxd5 cxd5 11. Qxb6 axb6 12. Bc7 Bf5 13. Nh4 Be4 14. f3 Bc2
15. Rc1 Ba4 16. e4 e6 17. exd5 g5 18. dxe6 gxh4 19. d5 Na6 20. Bxa6 Rxa6 21. O-O
Re8 22. Rfe1 Ra5 23. d6 Rd5 24. b3 Bh6 25. Rc2 Bb5 26. Kf2 Bd2 27. Re4 f5 28. d7
fxe4 29. dxe8=Q+ Bxe8 30. fxe4 Rd3 31. Ke2 Rd4 32. Rxd2 Rxe4+ 33. Kf2 Rxe6 34.
Rd6 Re7 35. Bxb6 Rf7+ 36. Kg1 Bb5 37. h3 Rf1+ 38. Kh2 Bc6 39. Rd4 Ra1 40. Rd2
Re1 41. Rf2 Kg7 42. Ba5 Re4 43. Bd2 Kg6 44. a4 Bd5 45. b4 Bc6 46. a5 Bb5 47. Rf4
Rxf4 48. Bxf4 Bc6 49. Bc7 Kh5 50. Bd8 Bb5 51. g4+ hxg3+ 52. Kxg3 Kg6 53. Kf4 Kf7
54. Ke5 Ke8 55. Bg5 Kd7 56. Kd5 h5 57. h4 Kc8 58. Kc5 Be2 59. Bf4 Bf1 60. Kb6 1/2-1/2

[Event "ch-ISL 2012"]
[Site "Kopavogur ISL"]
[Date "2012.04.22"]
[Round "10"]
[Board "5"]
[White "Kjartansson, David"]
[Black "Kjartansson, Gudmundur"]
[Result "1-0"]
[WhiteTitle "FM"]
[BlackTitle "IM"]
[WhiteElo "2305"]
[BlackElo "2357"]
[WhiteFideId "2301130"]
[BlackFideId "2301318"]
[EventDate "2012.04.13"]

1. e4 c6 2. d4 d5 3. e5 Bf5 4. Nc3 e6 5. g4 Bg6 6. Nge2 c5 7. h4 h5 8. Nf4 Bh7
9. Nxh5 Nc6 10. Bb5 cxd4 11. Qxd4 Ne7 12. Bg5 a6 13. Bxc6+ Nxc6 14. Qa4 Qb8 15.
O-O-O d4 16. Ne2 b5 17. Qb3 Qxe5 18. Rhe1 Rc8 19. Nc3 Na5 20. Rxe5 Nxb3+ 21.
axb3 dxc3 22. bxc3 Ba3+ 23. Kb1 O-O 24. Bd2 Rfd8 25. Ree1 a5 26. Be3 Be7 27.
Rxd8+ Bxd8 28. Bd4 b4 29. Bxg7 a4 30. Kc1 bxc3 31. Re3 axb3 32. cxb3 Ba5 33. Bd4
Bg6 34. Nf6+ Kf8 35. h5 c2 36. Bb2 Bd2+ 37. Kxd2 Rd8+ 38. Kc3 Rc8+ 39. Kb4 Rb8+
40. Kc3 Rc8+ 41. Kd2 Rd8+ 42. Ke2 1-0

[Event "ch-ISL 2012"]
[Site "Kopavogur ISL"]
[Date "2012.04.22"]
[Round "10"]
[Board "6"]
[White "Thorhallsson, Throstur"]
[Black "Bjornsson, Sigurbjorn"]
[Result "1/2-1/2"]
[WhiteTitle "GM"]
[BlackTitle "FM"]
[WhiteElo "2398"]
[BlackElo "2393"]
[WhiteFideId "2300109"]
[BlackFideId "2300974"]
[EventDate "2012.04.13"]

1. e4 e5 2. Nf3 Nc6 3. Bc4 Bc5 4. c3 Nf6 5. d3 O-O 6. Bb3 d6 7. h3 Ne7 8. O-O
Ng6 9. d4 Bb6 10. Re1 c6 11. Nbd2 h6 12. Nf1 d5 13. Ng3 Nxe4 14. Nxe4 dxe4 15.
Nxe5 Nxe5 16. dxe5 Qh4 17. Be3 Bc7 18. e6 Bxe6 19. Bxe6 fxe6 20. Qd7 Bb6 21.
Qxe6+ Kh8 22. g3 Qh5 23. Bxb6 axb6 24. Qxe4 Qxh3 25. Qg2 Qf5 26. f4 Rfd8 27. Re5
Qg6 28. a3 Rd3 29. Kh2 Rad8 30. Rae1 Rd2 31. R1e2 Qc2 32. Re8+ Rxe8 33. Rxd2 Qf5
34. Qf3 Re1 35. Re2 Rc1 36. Kg2 Qb1 37. Qe3 b5 38. Qd4 Rd1 39. Qe3 Qf5 40. Qf3
Rd3 41. Re3 Rd2+ 42. Re2 Rd3 43. Re3 Rd2+ 1/2-1/2

[Event "ch-ISL 2012"]
[Site "Kopavogur ISL"]
[Date "2012.04.23"]
[Round "11"]
[White "Bjornsson, Sigurbjorn"]
[Black "Thorfinnsson, Bjorn"]
[Result "1/2-1/2"]
[WhiteTitle "FM"]
[BlackTitle "IM"]
[WhiteElo "2393"]
[BlackElo "2416"]
[WhiteFideId "2300974"]
[BlackFideId "2300982"]
[EventDate "2012.04.13"]

1. e4 e5 2. Nf3 Nc6 3. Nc3 Nf6 4. Bb5 Nd4 5. O-O c6 6. Bc4 Nxf3+ 7. Qxf3 d6 8.
d3 Be7 9. Bb3 O-O 10. Qe2 a5 11. f4 b5 12. a4 b4 13. Nd1 exf4 14. Bxf4 d5 15.
exd5 1/2-1/2

[Event "ch-ISL 2012"]
[Site "Kopavogur ISL"]
[Date "2012.04.23"]
[Round "11"]
[White "Arngrimsson, Dagur"]
[Black "Kjartansson, David"]
[Result "1-0"]
[WhiteTitle "IM"]
[BlackTitle "FM"]
[WhiteElo "2361"]
[BlackElo "2305"]
[WhiteFideId "2301288"]
[BlackFideId "2301130"]
[EventDate "2012.04.13"]

1. d4 Nf6 2. c4 g6 3. Nc3 Bg7 4. Nf3 O-O 5. Bf4 d6 6. e3 c6 7. Be2 a6 8. O-O b5
9. h3 Bb7 10. Qc2 Nbd7 11. Rfd1 Re8 12. Bh2 Rc8 13. e4 b4 14. Nb1 d5 15. e5 Ne4
16. Qb3 a5 17. a3 c5 18. axb4 cxb4 19. cxd5 Nb6 20. Rxa5 Nxd5 21. Ra1 Bh6 22.
Nbd2 Nxd2 23. Nxd2 Bxd2 24. Rxd2 Qb6 25. Bf3 e6 26. Bg3 Qd8 27. Rc2 Qb6 28. Rd2
Qd8 29. Rdd1 h5 30. Bf4 Qh4 31. Ra7 Bc6 32. Bxd5 Bxd5 33. Qe3 Rc2 34. Re1 Rc4
35. Rd7 Rec8 36. Kh2 g5 37. Bg3 1-0

[Event "ch-ISL 2012"]
[Site "Kopavogur ISL"]
[Date "2012.04.23"]
[Round "11"]
[White "Stefansson, Hannes"]
[Black "Jensson, Einar Hjalti"]
[Result "1-0"]
[WhiteTitle "GM"]
[WhiteElo "2531"]
[BlackElo "2245"]
[WhiteFideId "2300087"]
[BlackFideId "2301067"]
[EventDate "2012.04.13"]

1. d4 d5 2. c4 c6 3. Nc3 e6 4. e3 Bd6 5. Bd3 Nf6 6. Nf3 Nbd7 7. O-O O-O 8. e4
dxe4 9. Nxe4 Nxe4 10. Bxe4 e5 11. dxe5 Nxe5 12. Nxe5 Bxe5 13. Bxh7+ Kxh7 14.
Qh5+ Kg8 15. Qxe5 Re8 16. Qc3 Bf5 17. Be3 Qd3 18. Qb4 b6 19. Rad1 Qe4 20. Rd4
Qe7 21. Qxe7 Rxe7 22. Rfd1 c5 23. Rd6 f6 24. h3 Kf7 25. b3 Rae8 26. Kh2 Bc2 27.
R1d2 Bb1 28. a3 Re6 29. Rxe6 Kxe6 30. b4 Rc8 31. Rb2 Bd3 32. bxc5 bxc5 33. Rb7
g5 34. Rxa7 Bxc4 35. Rb7 Bd5 36. Rb6+ Ke5 37. Bd2 Rc6 38. Bc3+ Kf5 39. g4+ Kg6
40. Rb5 Bc4 41. Ra5 f5 42. gxf5+ Kxf5 43. Bd4 Ke4 44. Bxc5 Ra6 45. Rxa6 Bxa6 46.
a4 Kf5 47. a5 Be2 48. Kg3 Ke5 49. Be7 Kf5 50. Bd8 Kg6 51. f4 gxf4+ 52. Kxf4 Kf7
53. Ke3 Bc4 54. Kd4 Be2 55. Kc5 Ke8 56. Bc7 Kd7 57. Kb6 Kc8 58. h4 Kd7 59. Bg3
Kc8 60. a6 Bf3 61. a7 Kd7 62. h5 1-0

[Event "ch-ISL 2012"]
[Site "Kopavogur ISL"]
[Date "2012.04.23"]
[Round "11"]
[White "Thorfinnsson, Bragi"]
[Black "Danielsen, Henrik"]
[Result "1/2-1/2"]
[WhiteTitle "IM"]
[BlackTitle "GM"]
[WhiteElo "2421"]
[BlackElo "2504"]
[WhiteFideId "2300958"]
[BlackFideId "1400185"]
[EventDate "2012.04.13"]

1. d4 d6 2. Nf3 g6 3. g3 Nf6 4. Bg2 Bg7 5. O-O O-O 6. c4 c6 7. Nc3 Qa5 8. h3
Nbd7 9. Qc2 e5 10. Rd1 Re8 11. e4 a6 12. Be3 exd4 13. Nxd4 Ne5 14. Nb3 Qc7 15.
c5 dxc5 16. Bxc5 Be6 17. Nd4 h5 18. Nxe6 Rxe6 19. Ne2 h4 20. gxh4 Nh5 21. Be3
Rae8 22. Kh1 Nd7 23. Qd2 Ndf6 24. Nc3 Qe7 25. Bg5 Qb4 26. f3 Nh7 27. Ne2 Qb5 28.
Nf4 Nxf4 29. Bxf4 Nf6 30. Bf1 Qh5 31. Qf2 Bh6 32. Bh2 Qa5 33. Bc4 R6e7 34. Rd6
Bg7 35. Rad1 Kh7 36. e5 Rxe5 37. Bxe5 Qxe5 38. Bxf7 Rf8 39. Re6 Qc7 40. Rxf6
Bxf6 41. Be6 Qf4 42. Bg4 Kh6 43. Qe2 Bxh4 44. Rd7 Rd8 45. b3 b5 46. Kg2 Rxd7 47.
Bxd7 c5 48. Be6 Bf6 49. Qe4 Qg5+ 50. Qg4 Qd2+ 51. Kg3 Be5+ 52. f4 Qe3+ 53. Kg2
Qd2+ 54. Kg3 Qd3+ 55. Kg2 Qd2+ 56. Kg3 Bd6 57. Qg5+ Kh7 58. Qf6 Qe3+ 59. Kg2
Qe2+ 60. Kg3 Qd3+ 61. Kg2 c4 62. bxc4 Bc5 63. Qe5 Be3 64. Bg4 Qd2+ 65. Kf3 Qf2+
66. Ke4 Bc5 67. Kd5 Bf8 68. cxb5 Qg2+ 69. Ke6 Qxa2+ 70. Qd5 Qa3 71. Qb7+ Kg8 72.
Qxa6 Qe7+ 73. Kd5 Qc5+ 74. Ke6 Qe7+ 75. Kd5 Qc5+ 76. Ke6 1/2-1/2

[Event "ch-ISL 2012"]
[Site "Kopavogur ISL"]
[Date "2012.04.23"]
[Round "11"]
[White "Kristjansson, Stefan"]
[Black "Gislason, Gudmundur"]
[Result "1-0"]
[WhiteTitle "GM"]
[WhiteElo "2500"]
[BlackElo "2346"]
[WhiteFideId "2301172"]
[BlackFideId "2300559"]
[EventDate "2012.04.13"]

1. e4 g6 2. d4 Bg7 3. Nc3 d6 4. Be3 a6 5. h3 b5 6. Bd3 Bb7 7. Nf3 Nd7 8. Ne2
Ngf6 9. Ng3 c5 10. c3 Qc7 11. O-O e6 12. Qd2 h5 13. Bg5 c4 14. Bc2 e5 15. d5 Bc8
16. a4 Rb8 17. axb5 Rxb5 18. Ba4 Rb8 19. Ra2 Kf8 20. Nh4 Nc5 21. Bc2 Nh7 22. Be3
Bf6 23. Nf3 h4 24. Ne2 g5 25. Nh2 Nb3 26. Qd1 Kg7 27. Nc1 Nc5 28. Ng4 Bd8 29.
Qe2 Nd7 30. Ba4 Ndf8 31. Bc6 Ng6 32. Qxc4 Bxg4 33. hxg4 Qc8 34. Qxa6 Qxg4 35. f3
Qh5 36. Bd7 Be7 37. Bg4 Qh6 38. Nd3 Nf6 39. Nf2 h3 40. Bxh3 Qh4 41. Qa7 Nh5 42.
Qd7 Ng3 43. Re1 Rhe8 44. Qg4 Nf4 45. Bxf4 Qxg4 46. Bxe5+ dxe5 47. Nxg4 1-0